000
00201 a2200097 4500
001
30633
100
_a
Loye
245
_a
Leadership Passion
260
_a
_b
Jossey, Boss Pub
_c
090
_c
20570
_d
20570
942
_a
NUST-CAE
_c
M
_c
11748
999
_c
265706
_d
265706